Library Banner

Evaluating vocational training programs : A practical guide (Record no. 13297)

MARC details
000 -LEADER
fixed length control field 00530nam a2200181Ia 4500
001 - CONTROL NUMBER
control field 12535
008 - FIXED-LENGTH DATA ELEMENTS--GENERAL INFORMATION
fixed length control field 140401s9999 xx 000 0 und d
020 ## - INTERNATIONAL STANDARD BOOK NUMBER
International Standard Book Number 0-8213-0703-7
040 ## - CATALOGING SOURCE
Transcribing agency PK-LaUMT
082 ## - DEWEY DECIMAL CLASSIFICATION NUMBER
Classification number 607.1
Item number HUN-E
100 ## - MAIN ENTRY--PERSONAL NAME
Personal name Hunting, Gordon
245 ## - TITLE STATEMENT
Title Evaluating vocational training programs : A practical guide
Statement of responsibility, etc Hunting, Gordon<>Zymelman, Manuel, J.A.; (Godfrey, Martin), J.A.
260 ## - PUBLICATION, DISTRIBUTION, ETC. (IMPRINT)
Date of publication, distribution, etc 1986
300 ## - PHYSICAL DESCRIPTION
Extent 96 p.
546 ## - LANGUAGE NOTE
Language note EN
700 ## - ADDED ENTRY--PERSONAL NAME
Personal name Zymelman, Manuel, J.A.; (Godfrey, Martin), J.A.
942 ## - ADDED ENTRY ELEMENTS (KOHA)
Koha item type Books
Holdings
Withdrawn status Lost status Damaged status Not for loan Home library Current library Date acquired Total Checkouts Full call number Barcode Date last seen Price effective from Koha item type
        UMT Main Campus UMT Main Campus 2014-04-01   607.1 HUN-E 14177 2014-04-21 2014-04-21 Books